00783nam a22001937a 4500003000900000008004100009020001800050040007100068082002100139100002200160245007700182260003000259300004000289505018800329650001400517650001100531650001400542700003300556AR-CdUCM190430b ||||| |||| 00| 0 spa d a958-04-0412-7 aMUNICIPALIDAD PROVINCIAL DEL CUSCOcBIBLIOTECA MUNICIPAL DEL CUSCO aEP / 800 /bAV91 aAvérous, Pierre aLa tierra y el cielo :brespuesta a los "¿por qué?" de los niños /  aColombia :bNorma,c1987. a56 paginas ;bIlustracionesc21 cm. aContenido :Llueve hace sol -- ¿que hay en las nubes? -- ¿por que son blancas algunas nubes? -- Todo sobre la tierra -- Hay muchos países -- ¿como es la tierra? -- en el cielo... aLa tierra aEl sol aLa lluvia aCarlos Alonso (Traducción)